| 000 | 00340nam a2200145Ia 4500 | ||
|---|---|---|---|
| 003 | OSt | ||
| 005 | 20260117115547.0 | ||
| 020 | _a978-0-07-786253-4 | ||
| 040 | _cLIBRARY OF CONGRESS | ||
| 050 | _aHD 31 .J66 2015 | ||
| 100 | _aGARETH R. JONES | ||
| 245 | 0 | _aESSENTIALS OF CONTEMPORARY MANAGEMENT | |
| 300 | _aXXXI,545P. | ||
| 942 |
_cBK _2lcc |
||
| 999 |
_c76358 _d76358 |
||